Verný a pravdivý obraz o skutočnostiach, ktoré sú predmetom účtovníctva účtovnej jednotky verejnej správy

Zákonnou podmienkou zostaveného účtovného záznamu účtovnou jednotkou verejnej správy je, aby údaje uvádzané v tomto dokumente boli vykazované verne a pravdivo. Túto skutočnosť deklaruje štatutárny orgán účtovnej jednotky verejnej správy pripojením podpisového záznamu na titulnej strane účtovnej závi...

ver descrição completa

Na minha lista:
Detalhes bibliográficos
Autor principal: Jakubíková, Hana
Formato: Capítulo de Livro
Idioma:eslovaco
Assuntos:
Tags: Adicionar Tag
Sem tags, seja o primeiro a adicionar uma tag!

MARC

LEADER 00000naa a2200000 4500
001 0247845
005 20180921125803.8
041 0 |a slo 
044 |a SK 
245 1 0 |a Verný a pravdivý obraz o skutočnostiach, ktoré sú predmetom účtovníctva účtovnej jednotky verejnej správy  |c Hana Jakubíková 
520 |a Zákonnou podmienkou zostaveného účtovného záznamu účtovnou jednotkou verejnej správy je, aby údaje uvádzané v tomto dokumente boli vykazované verne a pravdivo. Túto skutočnosť deklaruje štatutárny orgán účtovnej jednotky verejnej správy pripojením podpisového záznamu na titulnej strane účtovnej závierky. Aby sa však účtovná jednotka verejnej správy nestala obeťou hospodárskej kriminality, preto je dôležitá eliminácia a predchádzanie príležitostí už vo vnútornom prostredí účtovnej jednotky verejnej správy. 
610 2 0 |a účtovníctvo 
610 2 0 |a jednotka účtovná 
610 2 0 |a podvody 
610 2 0 |a prevencia 
610 2 0 |a správa verejná 
100 1 |a Jakubíková, Hana